<?xml version="1.0" encoding="UTF-8"?>
<record
    xmlns:xsi="http://www.w3.org/2001/XMLSchema-instance"
    xsi:schemaLocation="http://www.loc.gov/MARC21/slim http://www.loc.gov/standards/marcxml/schema/MARC21slim.xsd"
    xmlns="http://www.loc.gov/MARC21/slim">

  <leader>00867nab a22002057a 4500</leader>
  <datafield tag="999" ind1=" " ind2=" ">
    <subfield code="c">6504</subfield>
    <subfield code="d">6504</subfield>
  </datafield>
  <controlfield tag="003">OSt</controlfield>
  <controlfield tag="005">20260213122528.0</controlfield>
  <controlfield tag="008">190429b        xxu||||| |||| 00| 0 spa d</controlfield>
  <datafield tag="040" ind1=" " ind2=" ">
    <subfield code="c">PJ</subfield>
  </datafield>
  <datafield tag="100" ind1=" " ind2=" ">
    <subfield code="9">7113</subfield>
    <subfield code="a">Mart&#xED;nez, Lucila B.</subfield>
  </datafield>
  <datafield tag="245" ind1="1" ind2="0">
    <subfield code="a">El control de la actividad fiscal desincriminante a pedido de la v&#xED;ctima. &#xBF;"Quiroga", otra vez? /
</subfield>
    <subfield code="c">Lucila B. Mart&#xED;nez.</subfield>
  </datafield>
  <datafield tag="260" ind1=" " ind2=" ">
    <subfield code="c">Ciudad Aut&#xF3;noma de Buenos Aires :</subfield>
    <subfield code="a">Thomson Reuters La Ley, </subfield>
    <subfield code="b">2024.</subfield>
  </datafield>
  <datafield tag="300" ind1=" " ind2=" ">
    <subfield code="a">p. 134-150</subfield>
  </datafield>
  <datafield tag="500" ind1=" " ind2=" ">
    <subfield code="a">Cita: TR LALEY AR/DOC/2375/2023.</subfield>
  </datafield>
  <datafield tag="505" ind1=" " ind2=" ">
    <subfield code="t">Si te interesa el texto completo, solicitalo a koha@justierradelfuego.gov.ar</subfield>
  </datafield>
  <datafield tag="650" ind1=" " ind2="0">
    <subfield code="9">343</subfield>
    <subfield code="a">DERECHO PENAL</subfield>
  </datafield>
  <datafield tag="650" ind1=" " ind2="0">
    <subfield code="9">2348</subfield>
    <subfield code="a">PROCESO PENAL</subfield>
  </datafield>
  <datafield tag="773" ind1="0" ind2=" ">
    <subfield code="0">2658</subfield>
    <subfield code="9">3164</subfield>
    <subfield code="t">Revista de derecho penal y criminolog&#xED;a. N&#xBA; 7 - Junio 2024</subfield>
    <subfield code="d">Ciudad Aut&#xF3;noma de Buenos Aires : Thomson Reuters La Ley, 2017-</subfield>
    <subfield code="x">00347914</subfield>
  </datafield>
  <datafield tag="942" ind1=" " ind2=" ">
    <subfield code="2">udc</subfield>
    <subfield code="c">ANA</subfield>
  </datafield>
</record>
